000 01693cam a22004694i 4500
003 PE-LiUPU
005 20250731173449.0
008 150616s1987 sp r 000 0 spa d
020 _a8470574213
035 _a(Sirsi) i9788470574214
040 _aPE-LiUPU
_bspa
_cPE-LiUPU
_erda
049 _aPRUA
082 0 4 _a229.9
_bD73
_221
100 1 _aDiez Macho, Alejandro,
_eautor.
245 1 0 _aApócrifos del Antiguo Testamento: Testamentos o Discursos de Adios.
_n5 /
_cAlejandro Diez Macho.
264 1 _aMadrid :
_bEdiciones Cristiandad,
_c1987.
300 _a527 páginas ;
_c24 centímetros.
336 _atext
_2rdacontent
337 _aunmediated
_2rdamedia
338 _avolume
_2rdacarrier
490 0 _aApócrifos del Antiguo testamento ;
_v5
505 0 _aTestamento de los Doce Patriarcas.- Testamento de Job.- Testamento de Moises.- Testamento de Isaac.- Testamento de Jacob.- Testamento de Salomón.JobMoisesIsaacJacob.
526 _aSEG42
526 _aSEG41
526 _aSEG40
526 _aSEG39
526 _aP94
526 _aP87
526 _aP86
526 _aP85
526 _aP77
526 _aP76
526 _aP35
630 0 4 _aBiblia.
_pA.T.
_xApócrifos.
910 _ajck
_bjvq
_cjck
942 _2ddc
_cBOOK
949 _a229.9 D73 5
_wDEWEY
_c1
_i39640
_lCCODEBUL1
_mBUL
_r0
_sY
_tBOOK
_u2015-6-16
_xTEOLOGIA
_PP35
_0COMPRA
_o.STAFF. Colección General
994 _aC0
_bPEPRU
596 _a1
999 _a229.9 D73 5
_wDEWEY
_c57340
_i39640
_d57340
_e2018-5-24
_f2021-11-9
_g5
_lCCODEBUL1
_mBUL
_n5
_p29.63
_q3
_r0
_sY
_tBOOK
_u2015-6-16
_xTEOLOGIA
_PP35
_0COMPRA
_o.STAFF. Colección Teología
980 _81
_gALBERTO SANCHEZ Responsable de Automatización